| Registos Bibliográficos associados ao registo de autoridade |
|
Etiqueta de registo: 00254nam 2200025 450 001 2192882 003 http://id.bnportugal.gov.pt/bib/catbnp/2192882 010 ## $a978-608-205-543-5 100 ## $a20241022d2024 m y0pory01030103ca 101 1# $asla$cpor 102 ## $aMK 105 ## $aa z 000gy 106 ## $ar 200 1# $a [A Europa e outros poemas$fRui Cóias$gtrad. Vesela Molovska] 210 #9 $a[Skopje$cMakavej],$d2024 215 ## $a74, [2] p.$cil.$d21 cm 305 ## $aEd. em carateres cirílicos 675 ## $a821.134.3-1"20"$vBN$zpor$31023893 700 #1 $aCóias,$bRui,$f1966-$31002044 702 #1 $aMolovska,$bVesela$4730$31932736 801 #0 $aPT$bBN$gRPC 966 ## $lBN$mFGMON$sL. 180398 V.$x3 971 ## $casantos$d20241022 972 ## $e0$z0$d20260316$vlrevez 973 ## $cigoulao$d20260129
Etiqueta de registo: 00000nam 2200025 450 001 2280579 003 http://id.bnportugal.gov.pt/bib/catbnp/2280579 010 ## $a978-608-280-083-7 100 ## $a20260316d2024 m y0pory01030103ba 101 1# $asla$cpor 102 ## $aMK 105 ## $ay z 000yy 106 ## $ar 200 1# $a [ Rua de Paris em dia de chuva$fIsabel Rio Novo$gtrad. do português Vesela Molovska] 210 #9 $aSkopje$cArs Libris,$d2024 215 ## $a199, [1] p.$d21 cm 305 ## $aEd. em carateres cirílicos 700 #1 $aRio Novo,$bIsabel,$f1972-$31193668 702 #1 $aMolovska,$bVesela$4730$31932736 801 #0 $aPT$bBN$gRPC 966 ## $lBN$mFGMON$pDGLAB$x3 971 ## $cssilva$d20260513 972 ## $e0$z0$d20260514$vlrevez
|
|
|